| 000 | 00647nam a2200193Ia 4500 | ||
|---|---|---|---|
| 003 | GCL | ||
| 008 | 140319s9999 xx 000 0 ara d | ||
| 040 |
_aGCL / _cGCL |
||
| 082 | 0 | 4 |
_a260 _bع ج |
| 100 | 1 | _aعنايةالله ابلاع الافغانى | |
| 245 | 1 | 0 |
_aجلال الدين الرومى بين الصوفية وعلماء الكلام / _cعنايةالله ابلاع الافغانى |
| 260 |
_a[S.N] : _bالدار المصرية |
||
| 300 | _a418 ص | ||
| 490 | _a | ||
| 650 | 0 | 4 | _aالتصوف الاسلامى |
| 650 | 0 | 4 | _aالاسلام والتصوف |
| 650 | 0 | 4 | _aجلال الدين الرومى |
| 942 |
_2ddc _cBK |
||
| 999 |
_c53146 _d53146 |
||